Country flags without red - Statistics

General Stats
  • This quiz has been taken 676 times
    461 since last reset
  • The average score is 18 of 43
Answer Stats
Hint Answer % Correct
South America Argentina
74%
South America Brazil
71%
North America Jamaica
71%
Europe Sweden
66%
Europe Ireland
62%
Europe Finland
61%
Asia India
59%
Europe Ukraine
59%
Europe Estonia
54%
Europe Greece
54%
South America Uruguay
54%
Asia Israel
49%
Asia Pakistan
47%
North America Honduras
46%
Asia Kazakhstan
46%
Africa Niger
46%
Asia Saudi Arabia
44%
Europe Kosovo
43%
North America Bahamas
42%
Africa Nigeria
42%
Africa Somalia
42%
North America Barbados
40%
Asia Bhutan
40%
North America Guatemala
40%
Africa Ivory Coast
38%
Oceania Palau
38%
Europe San Marino
38%
Asia Cyprus
36%
Africa Botswana
35%
Oceania Micronesia
33%
Africa Lesotho
32%
Europe Bosnia and Herzegovina
31%
Oceania Nauru
31%
Oceania Solomon Islands
29%
Oceania Marshall Islands
27%
North America Saint Lucia
27%
Africa Tanzania
27%
Africa Gabon
26%
Africa Rwanda
26%
Asia Qatar
23%
Africa Sierra Leone
23%
North America Saint Vincent and the Grenadines
16%
Africa Mauritania
13%
No matching quizzes found
Score Distribution
Percent of People with Each Score
Percentile by Number Answered
Your Score History
You have not taken this quiz since the last reset